Popular lectures on the books of the New Testament, (Record no. 4177)
[ view plain ]
| 000 -LEADER | |
|---|---|
| fixed length control field | 00706cam a2200241I 4500 |
| 001 - CONTROL NUMBER | |
| control field | 29115 |
| 003 - CONTROL NUMBER IDENTIFIER | |
| control field | GBCCL |
| 005 - DATE AND TIME OF LATEST TRANSACTION | |
| control field | 20241126110513.0 |
| 008 - FIXED-LENGTH DATA ELEMENTS--GENERAL INFORMATION | |
| fixed length control field | 780203s1914 pau 000 0 eng |
| 010 ## - | |
| -- | 14006603 |
| 035 ## - SYSTEM CONTROL NUMBER | |
| System control number | (OCoLC)03602324 |
| 040 ## - CATALOGING SOURCE | |
| Original cataloging agency | DLC |
| Transcribing agency | CSM |
| Modifying agency | FDA |
| 049 ## - | |
| -- | LBBK |
| 050 ## - | |
| -- | BS2361 |
| -- | .S87 |
| 082 ## - DEWEY DECIMAL CLASSIFICATION NUMBER | |
| Classification number | 225 |
| Item number | STR |
| 092 ## - LOCALLY ASSIGNED DEWEY CALL NUMBER (OCLC) | |
| Item number | S923 |
| 100 1# - MAIN ENTRY--PERSONAL NAME | |
| Personal name | Strong, Augustus Hopkins, |
| Dates associated with a name | 1836-1921. |
| 9 (RLIN) | 3994 |
| 245 10 - TITLE STATEMENT | |
| Title | Popular lectures on the books of the New Testament, |
| Statement of responsibility, etc. | by Augustus H. Strong. |
| 260 ## - PUBLICATION, DISTRIBUTION, ETC. | |
| Place of publication, distribution, etc. | Philadelphia, |
| -- | Boston [etc.] |
| Name of publisher, distributor, etc. | The Griffith & Rowland Press |
| Date of publication, distribution, etc. | [1914] |
| 300 ## - PHYSICAL DESCRIPTION | |
| Extent | xxiii,398 p. |
| Dimensions | 22 cm. |
| 630 00 - SUBJECT ADDED ENTRY--UNIFORM TITLE | |
| Uniform title | Bible. |
| Name of part/section of a work | N.T. |
| General subdivision | Introductions. |
| 9 (RLIN) | 21 |
| 942 ## - ADDED ENTRY ELEMENTS (KOHA) | |
| Source of classification or shelving scheme | Dewey Decimal Classification |
| Koha item type | Books |
| Koha issues (borrowed), all copies | 5 |
| Withdrawn status | Lost status | Source of classification or shelving scheme | Damaged status | Not for loan | Home library | Current Library | Shelving location | Date acquired | Total checkouts | Total renewals | Full call number | Barcode | Date last seen | Date last checked out | Copy number | Price effective from | Koha item type |
|---|---|---|---|---|---|---|---|---|---|---|---|---|---|---|---|---|---|
| Dewey Decimal Classification | GRACE BIBLE COLLEGE | GRACE BIBLE COLLEGE | Biblical Studies | 2018-01-16 | 6 | 1 | 225 STR | 007174 | 2025-05-01 | 2024-12-17 | c.1 | 2018-01-16 | Books |